000 00622nam a2200193Ia 4500
003 IN-BaIIA
008 211028s9999 xx 000 0 eng d
040 _cIIA Library
080 _a084.4:52
_bSLI
100 _aSlipher, E. C.
_94127
245 2 _aA photographic study of the brighter planets
_cE. C. Slipher
260 _aFlagstaff
_bLowell Observatory
_c1964
300 _axvi, 124p.
650 _aAstronomy and astrophysics thesaurus
650 _aAtlas - planets
_94128
650 _aPlanets - atlas
_94129
650 _aPlanets - Photographic study
_94130
942 _cBK
999 _c2306
_d2306